| 000 | 01124nam a22002297a 4500 | ||
|---|---|---|---|
| 003 | OSt | ||
| 005 | 20180911081419.0 | ||
| 008 | 180312b xxu||||| |||| 00| 0 spa d | ||
| 020 | _a950140241X | ||
| 040 | _cPJ | ||
| 100 |
_92157 _aLloveras de Resk, María Eugenia |
||
| 245 | 1 | 0 |
_aTratado teórico práctico de las nulidades / _cMaría Eugenia Lloveras de Resk. |
| 260 |
_aBuenos Aires : _bDepalma, _c1991. |
||
| 300 |
_axviii, 549 p. _c23 cm. |
||
| 500 | _aNotas y citas a pie de página. | ||
| 504 | _aBibliografía: p. 525-549. | ||
| 505 | _aContenido: Nulidad de los actos jurídicos en tiempo y espacio y en el Derecho Comparado -- Nociones preliminares -- Evolución histórica aplicable -- Efectos de nulidad de los actos jurídicos en el Derecho argentino -- Principio general del Código Civil argentino -- Efectos propios de la sentencia de nulidad entre partes -- Efectos de la sentencia de nulidad en relación a terceros. | ||
| 650 |
_aDERECHO PROCESAL _9267 |
||
| 650 | 0 |
_aACTOS Y DILIGENCIAS PROCESALES _92150 |
|
| 650 | 0 |
_aNULIDAD PROCESAL _92151 |
|
| 942 |
_2udc _cLIB _h347.959(035) _iLLO |
||
| 999 |
_c1439 _d1439 |
||